000 00333nam a22001457a 4500
008 221019b ||||| |||| 00| 0 eng d
020 _a9780323320221
041 _aeng
080 _a610.73
082 _a610.73 OTT
100 _a8
101 _aINF
245 _aPEDIATRIC CLINICS OF NORTH AMERICA
_cOTTOLINI M
942 _2udc
_cBK
999 _c58604
_d58604